| 000 | 01227nas a2200277 i 4500 | ||
|---|---|---|---|
| 001 | 252635 | ||
| 005 | 20250613142833.0 | ||
| 007 | ta | ||
| 008 | 890206e1999 dr p|co || o001 || | | ||
| 011 | _a | ||
| 040 |
_aDO-SdBNP _bspa _cDO-SdBNP _erda |
||
| 041 | _hspa | ||
| 245 |
_aAPEC por un mundo mejor : _brevista / _cAPEC. |
||
| 264 |
_aSanto Domingo, República Dominicana : _bAPEC, _c1999. |
||
| 300 |
_avolumen : _bilustraciones, fotografías, gráficas ; _c28 cm. |
||
| 310 | _a1999. | ||
| 336 |
_atexto _btxt _2rdacontent |
||
| 337 |
_asin mediación _bn _2rdamedia |
||
| 338 |
_avolumen _bnc _2rdacarrier |
||
| 362 | _aMayo 1999. | ||
| 520 | _aLa Colección UNAPEC por un-Mundo Mejor es una publicación de la Universidad APEC constituida por varias series temáticas y de género: Ensayo, Artículos, Investigación, Artes y Comunicación, Turismo, Tecnología, Administración, Ética, Derecho, entre otras. | ||
| 650 |
_916347 _aUniversidades _vPublicaciones periódicas _zRepública Dominicana |
||
| 650 |
_92358 _aEducación superior _vPublicaciones periódicas _zRepública Dominicana |
||
| 650 |
_948216 _aAPEC _zHistoria _vPublicaciones periódicas _yRepública Dominicana |
||
| 942 |
_cISSUE _2ddc |
||
| 999 |
_c59278 _d59278 |
||